000
00328nam a2200121Ia 4500
008
220214s9999 xx 000 0 und d
245
0
_a
Sputnik
260
_b
Novosti Press Agency
_a
Moscow
500
_a
Ending Volume & Year: 1979,
500
_a
Missing Volume: 1976-1978
500
_a
Starting Volume & Year: 1974,
942
_c
BJ
999
_c
6000
_d
6000